01216nam a22003134a 4500001001200000003000800012006001900020007001500039008004100054010001700095020001500112040002100127035002000148050002500168082001600193245008200209260005800291300002300349504005100372533015200423650004000575650001800615650005000633655002900683700003000712710001700742856012600759999001700885ebr10263655CaPaEBRm u cr cn|||||||||040416s2004 enka sb 001 0 eng  z 2004008860 z0195172892 aCaPaEBRcCaPaEBR a(OCoLC)7982266414aHV8593b.T662 2004eb04a323.4/922200aTortureh[electronic resource] :ba collection /cedited by Sanford Levinson. aOxford ;aNew York :bOxford University Press,c2004. avi, 319 p. :bill. aIncludes bibliographical references and index. aElectronic reproduction.bPalo Alto, Calif. :cebrary,d2013.nAvailable via World Wide Web.nAccess may be limited to ebrary affiliated libraries. 0aTorturexMoral and ethical aspects. 0aHuman rights. 0aPolitical prisonersxLegal status, laws, etc. 7aElectronic books.2local1 aLevinson, Sanford,d1941-2 aebrary, Inc.40uhttp://site.ebrary.com/lib/rucke/Doc?id=10263655zAn electronic book accessible through the World Wide Web; click to view c28322d28322